000 00481nam a2200169Ia 4500
999 _c27098
_d27098
003 OSt
005 20210106145925.0
008 190216s9999||||xx |||||||||||||| ||und||
040 _coclc
082 _a200
_bASM/V
100 _aAsmi, Sabana
_98026
245 0 _aVargheeyathayude Prathyeya Sastram /
_cSabana Asmi
260 _bJanasakti Book House,
_aKozhikode:
_c1991.
300 _a97p
650 _aMalayalam
942 _cBK
_2ddc
_h200
_iASM/V
_k200
_mASM/V